Statistics for Axis Countries by Shape

Click here to take the quiz!

General Stats

  • This quiz has been taken 16 times
    (12 since last reset)
  • The average score is 24 of 38

Answer Stats

Answer% Correct
Empire of Japan
100%
German Reich
100%
Independent State of Croatia
100%
Kingdom of Italy
100%
Empire of Vietnam
88%
Hellenic State
88%
Italian Social Republic
88%
Kingdom of Bulgaria
88%
Kingdom of Luang Prabang
88%
Kingdom of Romania
88%
Kingdom of Thailand
88%
Kingdom of Yugoslavia
88%
Reichskommissariat Norwegen
88%
Second Philippine Republic
88%
Slovak Republic
88%
State of Burma
88%
Empire of Manchuria
75%
Government of National Salvation
75%
Kingdom of Albania
75%
Kingdom of Hungary
75%
Reichskommissariat Ukraine
75%
Government of National Unity
63%
Military Administration in France
63%
Protectorate of Bohemia and Moravia
63%
Protectorate of Denmark
63%
Reorganized National Government of the Republic of China
50%
General Governorate for the occupied Polish region
38%
Military Administration in Belgium and Northern France
38%
Reichskommissariat of Belgium and Northern France
38%
Reichskommissariat Ostland
38%
Provisional Government of Free India
25%
Governorate of Montenegro
13%
Kingdom of Kampuchea
13%
Mengjiang United Autonomous Government
13%
Provisional Government of the Republic of China
13%
French State
0%
Reformed Government of the Republic of China
0%
Reich Commissariat for the Occupied Dutch Territories
0%

Score Distribution

Percentile by Number Answered

Percent of People with Each Score

Your Score History

You have not taken this quiz since the last reset